Southville International School and Colleges
Your cart is empty.
  • Cart
  • Lists
    Public lists Eva Luna New books Lux_list list_1
    Your lists Log in to create your own lists
  • Log in to your account
  • Your cookies
  • Search history
Southville International School and Colleges
  • Advanced search
  • Recent comments
  • Most popular
  • Libraries

Log in to your account

Log in with GOOGLE


If you do not have an external account, but do have a local account, you can still log in:

  1. Home
  2. MARC view: The magic fish /
Normal view MARC view ISBD view

The magic fish / (Record no. 113635)

[ view plain ]
MARC details
000 -LEADER
fixed length control field 00544nam a2200217 a 4500
001 - CONTROL NUMBER
control field 2573
005 - DATE AND TIME OF LATEST TRANSACTION
control field 20140414132031.0
008 - FIXED-LENGTH DATA ELEMENTS--GENERAL INFORMATION
fixed length control field 040201s19uu xx 00 eng d
020 ## - INTERNATIONAL STANDARD BOOK NUMBER
International Standard Book Number 0-590-41100-4
050 ## - LIBRARY OF CONGRESS CALL NUMBER
Classification number TR
Item number M27 1966
100 ## - MAIN ENTRY--PERSONAL NAME
Personal name Littledale, Freya
245 ## - TITLE STATEMENT
Title The magic fish /
Statement of responsibility, etc Freya Littledale.
260 ## - PUBLICATION, DISTRIBUTION, ETC. (IMPRINT)
Place of publication, distribution, etc U.S.A :
Name of publisher, distributor, etc Scholastic,
Date of publication, distribution, etc 1966.
300 ## - PHYSICAL DESCRIPTION
Extent 32 p. ; cm.
500 ## - GENERAL NOTE
General note TR/PS
650 ## - SUBJECT ADDED ENTRY--TOPICAL TERM
Topical term or geographic name as entry element Wishes
General subdivision Fiction.
650 ## - SUBJECT ADDED ENTRY--TOPICAL TERM
Topical term or geographic name as entry element Contentment
General subdivision Fiction.
650 ## - SUBJECT ADDED ENTRY--TOPICAL TERM
Topical term or geographic name as entry element Children stories.
Holdings
Withdrawn status Lost status Damaged status Home library Current library Shelving location Date acquired Source of acquisition Total Checkouts Full call number Barcode Date last seen Price effective from Koha item type
      Munich Library Munich Library Teachers Reference Section 02/01/2004     TR M27 1966 M5235 04/14/2014 04/14/2014 Books
      Munich Library Munich Library Teachers Reference Section 11/17/2011     TR M27 1966 M6920 04/14/2014 04/14/2014 Books

The magic fish /

APA

Littledale F., . (1966). The magic fish. U.S.A: Scholastic.

Chicago

Littledale Freya, . 1966. The magic fish. U.S.A: Scholastic.

Harvard

Littledale F., . (1966). The magic fish. U.S.A: Scholastic.

MLA

Littledale Freya, . The magic fish. U.S.A: Scholastic. 1966.

  • Place hold
  • Print
  • Cite
  • Add to your cart (remove)
  • Save record
    BIBTEX Dublin Core MARCXML MARC (non-Unicode/MARC-8) MARC (Unicode/UTF-8) MARC (Unicode/UTF-8, Standard) MODS (XML) RIS
  • More searches
    Search for this title in:
    Other Libraries (WorldCat) Other Databases (Google Scholar) Online Stores (Bookfinder.com) Open Library (openlibrary.org)

Exporting to Dublin Core...

SOUTHVILLE LIBRARY

Southville International School and Colleges Library

1281 Tropical Ave. Cor. Luxembourg St., BF Homes International, Las Pinas City

Tel. No. 8256374 / 252358 Loc. 117/146

Powered by Koha